000 00324nam a22001337a 4500
008 180927b xxu||||| |||| 00| 0 eng d
020 _a01382774290
041 _aeng
080 _23 ED
_a611
100 _a6
101 _aANA
245 _aSpeech And Hearning Science Anatomy Psyology
_cZemlin.W .R
942 _2udc
_cBK
999 _c48600
_d48600